Essay in ancient Indian economic history (Record no. 309586)

MARC details
000 -LEADER
fixed length control field 00603nam a22002177a 4500
005 - DATE & TIME
control field 20231208120015.0
008 - FIXED-LENGTH DATA ELEMENTS--GENERAL INFORMATION
fixed length control field 231208b |||||||| |||| 00| 0 eng d
020 ## - ISBN
International Standard Book Number 9789384082529
Price Rs. 650.00
040 ## - CATALOGING SOURCE
Original cataloging agency VIVEKANANDA LIBRARY
082 ## - DDC NUMBER
Classification number 954.01
Book Number C392E(2)
100 ## - MAIN ENTRY--PERSONAL NAME
Personal name Chattopadhyaya, Brajadulal
245 ## - TITLE STATEMENT
Title Essay in ancient Indian economic history
250 ## - EDITION STATEMENT
Edition statement 2nd
260 ## - PUBLICATION, DISTRIBUTION, ETC. (IMPRINT)
Place of publication, distribution, etc Delhi
Name of publisher, distributor, etc Primus Books
Date of publication, distribution, etc 2022
300 ## - PHYSICAL DESCRIPTION
Pages xvii, 240
440 ## - Series Statement
Series Title Indian history congress monograph series
650 ## - Subject
Subject History
650 ## - Subject
Subject Indian History
700 ## - Added Entry Personal Name
Added Entry Personal Name Bhattacharya, Sabyasachi, S, ed.
942 ## - ADDED ENTRY ELEMENTS (KOHA)
Koha item type Books
Holdings
Withdrawn status Lost status Source of classification or shelving scheme Damaged status Not for loan Location (home branch) Sublocation or collection (holding branch) Date acquired Koha issues (times borrowed) Koha full call number Accession No. Koha date last seen Koha item type
    Dewey Decimal Classification     VIVEKANANDA LIBRARY VIVEKANANDA LIBRARY 08/12/2023   954.01 C392E(2) 404594 08/12/2023 Books
    Dewey Decimal Classification     VIVEKANANDA LIBRARY VIVEKANANDA LIBRARY 08/12/2023 1 954.01 C392E(2) 404595 22/12/2023 Books
© Designed and Maintained by Vivekananda Library, MDU Rohtak